Video Game Logo - Statistics

General Stats
  • This quiz has been taken 224 times
  • The average score is 14 of 20
Answer Stats
Picture Answer % Correct
Minecraft
99%
Playstation
99%
Xbox
90%
Mortal Kombat
81%
Candy Crush
78%
Nintendo 64
76%
Doom
74%
Roblox
74%
Fortnite
72%
Clash of Clans
70%
Rocket League
69%
Sega
69%
Donkey Kong
68%
Overwatch
67%
Skyrim
65%
Atari
64%
Half-Life
60%
Gears of War
56%
Mrs. Pac Man
41%
The Legend of Zelda: Breath of the Wild
26%
No matching quizzes found
Score Distribution
Percent of People with Each Score
Percentile by Number Answered
Your Score History
You have not taken this quiz